Nonlinear Oscillations in Biology and Chemistry : Proceedings of a meeting held at the University of Utah, May 9-11, 1985 /

Bibliographic Details
Main Author: Othmer, Hans G.
Corporate Author: SpringerLink (Online service)
Format: eBook
Language:English
Published: Berlin, Heidelberg : Springer Berlin Heidelberg, 1986.
Series:Lecture notes in biomathematics ; 66.
Lecture notes in biomathematics. 66.
Subjects:
Online Access:Connect to the full text of this electronic book

MARC

Tag First Indicator Second Indicator Subfields
LEADER 00000cam a2200000Mi 4500
001 in00003574113
006 m o d
007 cr nn|008mamaa
008 120109s1986 gw o 000 0 eng
005 20260420213851.9
020 |a 9783642933189 (electronic bk.) 
020 |a 3642933181 (electronic bk.) 
020 |z 3642933181 
024 7 |a 10.1007/978-3-642-93318-9  |2 doi 
035 |a (OCoLC)858931456 
040 |a Nz  |b eng  |e pn  |c UV0  |d OCLCO  |d GW5XE  |d OCLCQ  |d OCLCF  |d UtOrBLW 
049 |a TXAM 
050 4 |a QH323.5 
050 4 |a QH324.2-324.25 
072 7 |a PDE  |2 bicssc 
072 7 |a MAT003000  |2 bisacsh 
082 0 4 |a 570.285  |2 23 
100 1 |a Othmer, Hans G. 
245 1 0 |a Nonlinear Oscillations in Biology and Chemistry :  |b Proceedings of a meeting held at the University of Utah, May 9-11, 1985 /  |c edited by Hans G. Othmer. 
264 1 |a Berlin, Heidelberg :  |b Springer Berlin Heidelberg,  |c 1986. 
300 |a 1 online resource. 
336 |a text  |b txt  |2 rdacontent 
337 |a computer  |b c  |2 rdamedia 
338 |a online resource  |b cr  |2 rdacarrier 
490 1 |a Lecture Notes in Biomathematics,  |x 0341-633X ;  |v 66 
500 |a Electronic resource. 
650 0 |a Mathematics. 
650 0 |a Statistics. 
650 7 |a Mathematics.  |2 fast  |0 (OCoLC)fst01012163 
650 7 |a Statistics.  |2 fast  |0 (OCoLC)fst01132103 
655 7 |a Electronic books.  |2 local 
710 2 |a SpringerLink (Online service) 
776 1 8 |i Print version:  |z 9783540164814 
830 0 |a Lecture notes in biomathematics ;  |v 66.  |x 0341-633X 
830 0 |a Lecture notes in biomathematics.  |x 0341-633X ;  |v 66. 
856 4 0 |u http://proxy.library.tamu.edu/login?url=https://link.springer.com/10.1007/978-3-642-93318-9  |z Connect to the full text of this electronic book  |t 0 
994 |a 92  |b TXA 
999 |a MARS 
999 f f |s ab3d95ea-898e-385a-b87d-b273886907ae  |i 44626e0b-f353-3196-9035-9ca457b91206  |t 0 
952 f f |a Texas A&M University  |b College Station  |c Electronic Resources  |s www_evans  |d Available Online  |t 0  |e QH324.2-324.25  |h Library of Congress classification 
998 f f |a QH324.2-324.25  |t 0  |l Available Online